[Event "GER-chT U14"]
[Site "Magdeburg"]
[Date "2018.12.29"]
[Round "6.2"]
[White "Lutz, Adam"]
[Black "Breitzmann, Sander"]
[Result "1-0"]
[WhiteElo "1782"]
[BlackElo "1845"]
[PlyCount "73"]
[EventDate "2018.12.27"]
[EventType "team-swiss"]
[EventRounds "7"]
[EventCountry "GER"]
[SourceTitle "CBM 188 Extra"]
[Source "ChessBase"]
[SourceDate "2019.02.26"]
[SourceVersion "1"]
[SourceVersionDate "2019.02.26"]
[SourceQuality "1"]
[WhiteTeam "Dresden TU"]
[BlackTeam "Berlin Empor"]
[WhiteTeamCountry "GER"]
[BlackTeamCountry "GER"]

1. e4 e5 2. Nf3 Nc6 3. d4 exd4 4. Nxd4 Qf6 5. Nxc6 Bc5 6. Qf3 Qxc6 7. Bd3 h6 8. 0-0 Nf6 9. Be3 Bxe3 10. Qxe3 d6 11. Nc3 a6 12. Kh1 Be6 13. f4 0-0-0 14. f5 Bd7 15. Qa7 Be8 16. Qa8+ Kd7 17. Qa7 Ng4 18. Nd5 f6 19. b4 b5 20. Rac1 Ne5 21. c4 Ra8 22. Qd4 Nxd3 23. Qxd3 Ra7 24. cxb5 Qxb5 25. Qg3 Rh7 26. Qc3 c6 27. Qe3 Rb7 28. a4 Qxa4 29. Nb6+ Rxb6 30. Qxb6 Ke7 31. Ra1 Qb5 32. Qxb5 axb5 33. Ra7+ Bd7 34. Ra8 h5 35. Rfa1 g6 36. R1a7 gxf5 37. Rxd7+ 1-0

[Event "Youth District Germany"]
[Site "Wuerzburg"]
[Date "2018.10.06"]
[Round "6.6"]
[White "Dietz, Kristin"]
[Black "Lutz, Adam"]
[Result "1/2-1/2"]
[WhiteElo "1762"]
[BlackElo "1787"]
[PlyCount "74"]
[EventDate "2018.10.02"]
[EventType "team-swiss"]
[EventRounds "7"]
[EventCountry "GER"]
[SourceTitle "CBM 186 Extra"]
[Source "ChessBase"]
[SourceDate "2018.08.24"]
[SourceVersion "1"]
[SourceVersionDate "2018.08.24"]
[SourceQuality "1"]
[WhiteTeam "Sachsen Anhalt U20"]
[BlackTeam "Sachsen U20 II"]
[WhiteTeamCountry "GER"]
[BlackTeamCountry "GER"]

1. e4 c5 2. Nf3 e6 3. d4 cxd4 4. Nxd4 Nf6 5. Nc3 d6 6. Be2 a6 7. 0-0 Qc7 8. Be3 b5 9. a3 Bb7 10. Bd3 Nbd7 11. f4 Be7 12. Kh1 0-0 13. Qe1 Nc5 14. Bg1 Rac8 15. Rc1 Qb8 16. Nf3 Rfd8 17. e5 Nxd3 18. cxd3 Nd5 19. Nxd5 Bxd5 20. Qg3 Rxc1 21. Rxc1 Rc8 22. Rxc8+ Qxc8 23. Nd4 Qc1 24. Qf2 dxe5 25. fxe5 Bc5 26. Qc2 Qf1 27. Qe2 Qxe2 28. Nxe2 Be7 29. b4 Bg5 30. Bc5 f6 31. exf6 gxf6 32. Kg1 Kf7 33. Kf2 e5 34. g3 f5 35. Be3 Be7 36. Nc3 Bc6 37. d4 exd4 1/2-1/2

[Event "Youth District Germany"]
[Site "Wuerzburg"]
[Date "2018.10.03"]
[Round "2.6"]
[White "Lutz, Adam"]
[Black "Basovskiy, Jana"]
[Result "1-0"]
[WhiteElo "1787"]
[BlackElo "1772"]
[PlyCount "85"]
[EventDate "2018.10.02"]
[EventType "team-swiss"]
[EventRounds "7"]
[EventCountry "GER"]
[SourceTitle "CBM 186 Extra"]
[Source "ChessBase"]
[SourceDate "2018.08.24"]
[SourceVersion "1"]
[SourceVersionDate "2018.08.24"]
[SourceQuality "1"]
[WhiteTeam "Sachsen U20 II"]
[BlackTeam "Baden U20"]
[WhiteTeamCountry "GER"]
[BlackTeamCountry "GER"]

1. e4 c5 2. Nf3 e6 3. d4 cxd4 4. Nxd4 Nf6 5. Nc3 Nc6 6. Be3 Bb4 7. Bd3 d5 8. Nxc6 bxc6 9. Bd2 0-0 10. 0-0 Bb7 11. Nxd5 Nxd5 12. exd5 Qxd5 13. Bxb4 c5 14. Bxh7+ Kxh7 15. Qxd5 Bxd5 16. Bxc5 Rfc8 17. b4 a5 18. a3 Kg6 19. f3 Rc6 20. Rfd1 axb4 21. axb4 Rca6 22. Rxa6 Rxa6 23. Rc1 Bc4 24. Kf2 Ra3 25. Ke1 Ra8 26. Kd2 Ra3 27. Rb1 Bb5 28. Bd4 Ra8 29. Ra1 Rxa1 30. Bxa1 f6 31. Kc3 e5 32. Kb3 Kf5 33. c4 Bd7 34. b5 Ke6 35. Kb4 Kd6 36. Bc3 Bc8 37. Be1 Bb7 38. Bf2 Bc8 39. Bc5+ Kd7 40. Ka5 Kc7 41. Bf8 g6 42. Bg7 f5 43. Bxe5+ 1-0

[Event "GER-ch U12"]
[Site "Willingen"]
[Date "2018.05.25"]
[Round "10"]
[White "Lutz, Adam"]
[Black "Halabi, Ibrahim"]
[Result "0-1"]
[WhiteElo "1740"]
[BlackElo "1652"]
[PlyCount "56"]
[EventDate "2018.05.19"]
[EventType "swiss"]
[EventRounds "11"]
[EventCountry "GER"]
[SourceTitle "CBM 184 Extra"]
[Source "ChessBase"]
[SourceDate "2018.06.28"]
[SourceVersion "1"]
[SourceVersionDate "2018.06.28"]
[SourceQuality "1"]

1. e4 c5 2. Nf3 d6 3. d4 cxd4 4. Nxd4 Nf6 5. Nc3 a6 6. Bg5 Nbd7 7. Bc4 Qc7 8. Bb3 e6 9. f4 b5 10. Bxe6 fxe6 11. Nxe6 Qc4 12. Nxf8 Rxf8 13. Qxd6 b4 14. e5 bxc3 15. exf6 gxf6 16. 0-0-0 fxg5 17. Rhe1+ Kf7 18. fxg5 Kg8 19. Qh6 cxb2+ 20. Kb1 Qf7 21. Rd6 Ne5 22. Rf6 Qg7 23. Qxg7+ Kxg7 24. Rxf8 Kxf8 25. Rxe5 Rb8 26. h4 Bd7 27. Rd5 Be6 28. Rd6 Bxa2+ 0-1

[Event "GER-ch U12"]
[Site "Willingen"]
[Date "2018.05.25"]
[Round "9"]
[White "Schulemann, Gero"]
[Black "Lutz, Adam"]
[Result "1-0"]
[WhiteElo "1637"]
[BlackElo "1740"]
[PlyCount "115"]
[EventDate "2018.05.19"]
[EventType "swiss"]
[EventRounds "11"]
[EventCountry "GER"]
[SourceTitle "CBM 184 Extra"]
[Source "ChessBase"]
[SourceDate "2018.06.28"]
[SourceVersion "1"]
[SourceVersionDate "2018.06.28"]
[SourceQuality "1"]

1. e4 c5 2. Nf3 e6 3. d4 cxd4 4. Nxd4 Nf6 5. Nc3 d6 6. f4 a6 7. Qf3 Qc7 8. Bd3 Be7 9. Be3 Nbd7 10. g4 Nc5 11. 0-0-0 b5 12. Kb1 Bb7 13. g5 Nfd7 14. h4 Rc8 15. h5 b4 16. Nce2 Nxd3 17. cxd3 Nc5 18. Nc1 e5 19. fxe5 dxe5 20. Nf5 Ne6 21. g6 f6 22. h6 Bf8 23. hxg7 Bxg7 24. Rxh7 Rg8 25. Nxg7+ Nxg7 26. Qxf6 b3 27. axb3 a5 28. Rf1 Qe7 29. Qf7+ Kd7 30. Qxe7+ Kxe7 31. Rf7+ Ke6 32. Rxb7 Kf6 33. Bh6 Ne6 34. Ne2 Kxg6 35. Be3 Rh8 36. Rxh8 Rxh8 37. Nc3 Rh1+ 38. Ka2 Re1 39. Bd2 Rf1 40. Rb6 Kf7 41. Rb5 Nd4 42. Rxe5 Rf3 43. Rd5 Nc6 44. Rf5+ Rxf5 45. exf5 Kf6 46. Ne4+ Kxf5 47. Ka3 Ke5 48. Ka4 Kd4 49. Nf2 Kc5 50. Bxa5 Nd4 51. Bd2 Nc2 52. b4+ Kb6 53. Kb3 Nd4+ 54. Kc4 Ne6 55. b5 Nc7 56. Be3+ Kb7 57. Ne4 Ne6 58. Nc5+ 1-0

[Event "GER-ch U12"]
[Site "Willingen"]
[Date "2018.05.24"]
[Round "8"]
[White "Lutz, Adam"]
[Black "Weidenhoefer, Max"]
[Result "1/2-1/2"]
[WhiteElo "1740"]
[BlackElo "1705"]
[PlyCount "56"]
[EventDate "2018.05.19"]
[EventType "swiss"]
[EventRounds "11"]
[EventCountry "GER"]
[SourceTitle "CBM 184 Extra"]
[Source "ChessBase"]
[SourceDate "2018.06.28"]
[SourceVersion "1"]
[SourceVersionDate "2018.06.28"]
[SourceQuality "1"]

1. e4 e6 2. d4 d5 3. exd5 exd5 4. Bd3 Bd6 5. Ne2 Ne7 6. 0-0 0-0 7. Ng3 h6 8. Qh5 Nd7 9. Bxh6 gxh6 10. Qxh6 f5 11. Nxf5 Nxf5 12. Bxf5 Rxf5 13. Qg6+ Kh8 14. Qxf5 Nf6 15. Qg5 Bxh2+ 16. Kh1 Bd6 17. g3 Qf8 18. Kg2 Nh7 19. Rh1 Qf5 20. Qd8+ Kg7 21. Qh4 Be6 22. Nd2 Rf8 23. Qh6+ Kg8 24. Qe3 Nf6 25. Rae1 Bd7 26. Qh6 Nh7 27. Qe3 Nf6 28. Qh6 Nh7 1/2-1/2

[Event "GER-ch U12"]
[Site "Willingen"]
[Date "2018.05.22"]
[Round "5"]
[White "Gluma, Christian"]
[Black "Lutz, Adam"]
[Result "0-1"]
[WhiteElo "1680"]
[BlackElo "1740"]
[PlyCount "68"]
[EventDate "2018.05.19"]
[EventType "swiss"]
[EventRounds "11"]
[EventCountry "GER"]
[SourceTitle "CBM 184 Extra"]
[Source "ChessBase"]
[SourceDate "2018.06.28"]
[SourceVersion "1"]
[SourceVersionDate "2018.06.28"]
[SourceQuality "1"]

1. e4 c5 2. Nf3 e6 3. d4 cxd4 4. Nxd4 Nf6 5. Nc3 d6 6. Be2 Be7 7. 0-0 a6 8. Be3 Qc7 9. a4 0-0 10. f3 b6 11. Qd2 Bb7 12. Rfc1 Rd8 13. Nb3 Nbd7 14. Nd1 d5 15. exd5 Nxd5 16. Bf2 Nc5 17. Nxc5 Bxc5 18. Qe1 Nf4 19. Bf1 Rd5 20. Bxc5 Qxc5+ 21. Qf2 Qd6 22. Ne3 Rg5 23. Qh4 Qe5 24. Kh1 Rh5 25. Nc4 Qc7 26. Qg3 h6 27. Nxb6 Rd8 28. Rd1 Rxd1 29. Rxd1 Rg5 30. Qf2 Qc6 31. a5 Kh7 32. Bd3+ f5 33. Bf1 Nh3 34. Qe2 Qc5 0-1

[Event "GER-chT U12"]
[Site "Magdeburg"]
[Date "2017.12.29"]
[Round "5.2"]
[White "Gutewort, Paul Emil"]
[Black "Lutz, Adam"]
[Result "1/2-1/2"]
[WhiteElo "1538"]
[BlackElo "1763"]
[PlyCount "66"]
[EventDate "2017.12.26"]
[EventType "team-swiss"]
[EventRounds "7"]
[EventCountry "GER"]
[SourceTitle "CBM 182 Extra"]
[Source "ChessBase"]
[SourceDate "2018.02.23"]
[SourceVersion "1"]
[SourceVersionDate "2018.02.23"]
[SourceQuality "1"]
[WhiteTeam "Berlin Nord Ost"]
[BlackTeam "Dresden TU"]
[WhiteTeamCountry "GER"]
[BlackTeamCountry "GER"]

1. d4 d5 2. c4 e6 3. Nc3 Nf6 4. Nf3 c6 5. Bf4 Bd6 6. Bxd6 Qxd6 7. e3 0-0 8. Be2 Nbd7 9. 0-0 b6 10. Qb3 Rb8 11. Rfd1 Bb7 12. Rac1 Rfe8 13. h3 Qe7 14. Rd2 Ne4 15. Nxe4 dxe4 16. Nh2 f5 17. Nf1 Rf8 18. Ng3 Rbd8 19. Rcd1 Kh8 20. Qc3 Nf6 21. Nh5 Nxh5 22. Bxh5 Qg5 23. Be2 Rf6 24. Bf1 Rh6 25. Kh2 Rf8 26. d5 exd5 27. cxd5 cxd5 28. Qc7 Bc6 29. Qxa7 f4 30. Qxb6 f3 31. g3 Bd7 32. Qc5 Qf5 33. h4 Qf6 1/2-1/2

[Event "GER-chT U12"]
[Site "Magdeburg"]
[Date "2017.12.28"]
[Round "4.2"]
[White "Lutz, Adam"]
[Black "Wusterack, Paul"]
[Result "1/2-1/2"]
[WhiteElo "1763"]
[BlackElo "1432"]
[PlyCount "59"]
[EventDate "2017.12.26"]
[EventType "team-swiss"]
[EventRounds "7"]
[EventCountry "GER"]
[SourceTitle "CBM 182 Extra"]
[Source "ChessBase"]
[SourceDate "2018.02.23"]
[SourceVersion "1"]
[SourceVersionDate "2018.02.23"]
[SourceQuality "1"]
[WhiteTeam "Dresden TU"]
[BlackTeam "Lueneburg Turm"]
[WhiteTeamCountry "GER"]
[BlackTeamCountry "GER"]

1. e4 e5 2. Nf3 Nc6 3. d4 exd4 4. Nxd4 Bc5 5. Nb3 Bb6 6. a4 a5 7. Nc3 d6 8. Nd5 Ba7 9. Be2 Nf6 10. Bg5 Bxf2+ 11. Kf1 Ba7 12. Bxf6 gxf6 13. Bf3 Ne5 14. Ke1 c6 15. Nc3 Be6 16. Rf1 Rg8 17. Nd4 Bxd4 18. Qxd4 c5 19. Qd1 Bg4 20. Nb5 Nxf3+ 21. gxf3 Bh3 22. Nxd6+ Kf8 23. Rh1 Bg2 24. Rg1 Bxf3 25. Rxg8+ Kxg8 26. Qd5 Qe7 27. Kf2 Bh5 28. Nf5 Qe5 29. Rg1+ Bg6 30. Qxe5 1/2-1/2

[Event "GER-chT U12"]
[Site "Magdeburg"]
[Date "2017.12.27"]
[Round "1.2"]
[White "Lerchl, Clemens"]
[Black "Lutz, Adam"]
[Result "1-0"]
[WhiteElo "1527"]
[BlackElo "1763"]
[PlyCount "120"]
[EventDate "2017.12.26"]
[EventType "team-swiss"]
[EventRounds "7"]
[EventCountry "GER"]
[SourceTitle "CBM 182 Extra"]
[Source "ChessBase"]
[SourceDate "2018.02.23"]
[SourceVersion "1"]
[SourceVersionDate "2018.02.23"]
[SourceQuality "1"]
[WhiteTeam "Vaterstetten"]
[BlackTeam "Dresden TU"]
[WhiteTeamCountry "GER"]
[BlackTeamCountry "GER"]

1. e4 c5 2. Nf3 e6 3. d4 cxd4 4. Nxd4 Nf6 5. Nc3 d6 6. Bd3 Be7 7. 0-0 0-0 8. Kh1 Nc6 9. Nxc6 bxc6 10. f4 Qc7 11. b3 Rd8 12. Bb2 e5 13. Ne2 Ng4 14. Qd2 Qb6 15. Ng3 Qe3 16. Qxe3 Nxe3 17. Rfe1 exf4 18. Nh5 g6 19. Nf6+ Bxf6 20. Bxf6 Re8 21. Bg5 Ng4 22. Bxf4 Ne5 23. Rf1 Bb7 24. Bxe5 Rxe5 25. Bc4 d5 26. exd5 cxd5 27. Bd3 Rae8 28. Kg1 Kg7 29. Kf2 d4 30. g3 Rh5 31. Kg1 Rhe5 32. Rf4 Rd8 33. Kf2 f5 34. Re1 Rxe1 35. Kxe1 h5 36. Kd2 Kf6 37. c3 dxc3+ 38. Kxc3 Rc8+ 39. Rc4 Rxc4+ 40. Bxc4 g5 41. Be2 g4 42. Kd4 Ke6 43. Bc4+ Kf6 44. Bd5 Ba6 45. a4 Bc8 46. b4 Be6 47. Bxe6 Kxe6 48. b5 Kd6 49. a5 f4 50. gxf4 h4 51. Ke3 g3 52. hxg3 hxg3 53. Kf3 Kc5 54. b6 axb6 55. axb6 Kxb6 56. Kxg3 Kc7 57. Kg4 Kd7 58. Kf5 Ke7 59. Kg6 Ke6 60. f5+ Kd5 1-0

[Event "GER-chT U12"]
[Site "Magdeburg"]
[Date "2017.12.27"]
[Round "2.2"]
[White "Lutz, Adam"]
[Black "Straub, Benno"]
[Result "1-0"]
[WhiteElo "1763"]
[BlackElo "1492"]
[PlyCount "79"]
[EventDate "2017.12.26"]
[EventType "team-swiss"]
[EventRounds "7"]
[EventCountry "GER"]
[SourceTitle "CBM 182 Extra"]
[Source "ChessBase"]
[SourceDate "2018.02.23"]
[SourceVersion "1"]
[SourceVersionDate "2018.02.23"]
[SourceQuality "1"]
[WhiteTeam "Dresden TU"]
[BlackTeam "Freiburg Zaehringen"]
[WhiteTeamCountry "GER"]
[BlackTeamCountry "GER"]

1. e4 e5 2. Nf3 Nc6 3. d4 exd4 4. Nxd4 Bc5 5. Nb3 Bb6 6. a4 a5 7. Nc3 Nf6 8. Bg5 h6 9. Bh4 d6 10. Be2 g5 11. Bg3 Be6 12. h4 Kd7 13. e5 Ne8 14. Ne4 f5 15. exd6 Kc8 16. Nec5 Bxb3 17. d7+ Kb8 18. dxe8Q Rxe8 19. Qxd8+ Rxd8 20. Nxb3 f4 21. Bh2 Nb4 22. Rc1 Ka7 23. Bg1 Na2 24. Rd1 Rxd1+ 25. Kxd1 Rd8+ 26. Bd3 Nb4 27. Ke2 g4 28. f3 Re8+ 29. Kd2 c5 30. Bxc5 Bxc5 31. Nxc5 Nxd3 32. Nxd3 gxf3 33. gxf3 Rg8 34. Nxf4 Rf8 35. Ke3 Re8+ 36. Kf2 Rd8 37. Nd3 Rd4 38. b3 h5 39. f4 Kb6 40. Rg1 1-0

[Event "GER-ch U12"]
[Site "Willingen"]
[Date "2017.06.05"]
[Round "3"]
[White "Bress, Aaron"]
[Black "Lutz, Adam"]
[Result "1/2-1/2"]
[WhiteElo "1688"]
[BlackElo "1828"]
[PlyCount "64"]
[EventDate "2017.06.04"]
[EventType "swiss"]
[EventRounds "11"]
[EventCountry "GER"]
[SourceTitle "CBM 178 Extra"]
[Source "ChessBase"]
[SourceDate "2017.06.22"]
[SourceVersion "1"]
[SourceVersionDate "2017.06.22"]
[SourceQuality "1"]

1. e4 c5 2. Nf3 e6 3. d4 cxd4 4. Nxd4 Nf6 5. Nc3 d6 6. Be2 a6 7. 0-0 Be7 8. Be3 0-0 9. f4 Qc7 10. Qe1 Bd7 11. Qg3 Nc6 12. Rad1 Rac8 13. Kh1 Na5 14. Rfe1 Nc4 15. Bc1 b5 16. a3 Nxa3 17. bxa3 Qxc3 18. Bf3 Rc4 19. Rd3 Qa5 20. f5 e5 21. Nb3 Qc7 22. Bh6 Ne8 23. Bd1 Kh8 24. Bg5 Bxg5 25. Qxg5 Rc3 26. Qe7 Kg8 27. Ree3 Rxd3 28. Rxd3 f6 29. Bh5 Qxc2 30. Nc5 Qxc5 31. Qxd7 Qc2 32. Rd1 Qa4 1/2-1/2

[Event "GER-chT U12"]
[Site "Magdeburg"]
[Date "2016.12.30"]
[Round "7.2"]
[White "Lutz, Adam"]
[Black "Lessmann, Soenke"]
[Result "1-0"]
[WhiteElo "1724"]
[BlackElo "1579"]
[PlyCount "85"]
[EventDate "2016.12.27"]
[EventType "team-swiss"]
[EventRounds "7"]
[EventCountry "GER"]
[SourceTitle "EXT 2018"]
[Source "ChessBase"]
[SourceDate "2017.10.13"]
[SourceVersion "1"]
[SourceVersionDate "2017.10.13"]
[SourceQuality "1"]
[WhiteTeam "Dresden TU"]
[BlackTeam "Rheydt"]
[WhiteTeamCountry "GER"]
[BlackTeamCountry "GER"]

1. e4 e5 2. Nf3 Nc6 3. d4 exd4 4. Nxd4 Bc5 5. Nb3 Bb6 6. a4 a6 7. Nc3 d6 8. Nd5 Be6 9. Nxb6 cxb6 10. Nd4 Nf6 11. f3 Rc8 12. c3 0-0 13. Bf4 d5 14. Nxc6 Rxc6 15. e5 Nd7 16. Be2 f6 17. exf6 Qxf6 18. Be3 Re8 19. Bd4 Qg6 20. Qd2 Bf7 21. 0-0 Qh5 22. Bd3 Nc5 23. Bc2 Rce6 24. Rae1 Qh4 25. Rxe6 Rxe6 26. a5 Qe7 27. axb6 Nd7 28. f4 Re2 29. Qd3 Qe4 30. Qg3 Qxd4+ 31. cxd4 Rxc2 32. Qb3 Rc6 33. Re1 Rxb6 34. Qa4 Nf6 35. Qa5 Rd6 36. Qc7 Re6 37. Rxe6 Bxe6 38. Qxb7 Bd7 39. Qxa6 Kf7 40. b4 Ke7 41. b5 Ne8 42. b6 g6 43. b7 1-0

[Event "GER-chT U12"]
[Site "Magdeburg"]
[Date "2016.12.27"]
[Round "1.2"]
[White "Wu, Luka"]
[Black "Lutz, Adam"]
[Result "0-1"]
[WhiteElo "1707"]
[BlackElo "1724"]
[PlyCount "138"]
[EventDate "2016.12.27"]
[EventType "team-swiss"]
[EventRounds "7"]
[EventCountry "GER"]
[SourceTitle "EXT 2018"]
[Source "ChessBase"]
[SourceDate "2017.10.13"]
[SourceVersion "1"]
[SourceVersionDate "2017.10.13"]
[SourceQuality "1"]
[WhiteTeam "Mannheim Lindenhof"]
[BlackTeam "Dresden TU"]
[WhiteTeamCountry "GER"]
[BlackTeamCountry "GER"]

1. e4 c5 2. Nf3 e6 3. d4 cxd4 4. Nxd4 Nf6 5. Bd3 a6 6. 0-0 d6 7. Nc3 b5 8. a3 Bb7 9. Kh1 Nbd7 10. Nb3 Ne5 11. f4 Nxd3 12. Qxd3 Qc7 13. Nd4 Be7 14. Re1 Nd7 15. Bd2 0-0 16. Qg3 Bf6 17. Nf3 e5 18. f5 Nb6 19. Bg5 Qe7 20. h4 Kh8 21. Nh2 Nd7 22. Rad1 h6 23. Bxf6 Nxf6 24. Qf3 Rac8 25. Rd2 Rfd8 26. Ng4 Rd7 27. g3 Rc5 28. Red1 Rxc3 29. Qxc3 Nxe4 30. Qe3 Nxd2+ 31. Kh2 Nf3+ 32. Kh3 h5 33. Nh2 Nxh2 34. Kxh2 d5 35. Qf3 e4 36. Qxh5+ Kg8 37. Qg4 Rc7 38. c3 e3 39. Rf1 Qf6 40. Kh3 Bc8 41. Qf3 Re7 42. g4 e2 43. Re1 Qe5 44. Kg2 Bb7 45. Qg3 d4+ 46. Kf2 Qxg3+ 47. Kxg3 d3 48. Kf2 d2 49. Rxe2 d1Q 50. Rxe7 Qf3+ 51. Ke1 Qg3+ 52. Kf1 Bg2+ 53. Ke2 Bf3+ 54. Kf1 Qg2+ 55. Ke1 Qg1+ 56. Kd2 Qd1+ 57. Ke3 Qe2+ 58. Kf4 Qxe7 59. Kxf3 Qe5 60. h5 Kh7 61. Kg2 Qf4 62. Kh3 Kh6 63. b3 Kg5 64. f6 Qxf6 65. Kg2 Kxg4 66. h6 Qf3+ 67. Kh2 Qf2+ 68. Kh1 Kg3 69. hxg7 Qg2# 0-1

[Event "Wch U10"]
[Site "Batumi"]
[Date "2016.10.30"]
[Round "11"]
[White "Lutz, Adam"]
[Black "He, Yichen"]
[Result "1/2-1/2"]
[WhiteElo "1773"]
[BlackElo "1698"]
[PlyCount "88"]
[EventDate "2016.10.19"]
[EventType "swiss"]
[EventRounds "11"]
[EventCountry "GEO"]
[SourceTitle "EXT 2018"]
[Source "ChessBase"]
[SourceDate "2017.10.13"]
[SourceVersion "1"]
[SourceVersionDate "2017.10.13"]
[SourceQuality "1"]

1. e4 c5 2. Nf3 e6 3. Nc3 Nc6 4. d4 cxd4 5. Nxd4 Qc7 6. Be2 a6 7. 0-0 Nf6 8. Kh1 Bb4 9. f3 0-0 10. Bg5 Be7 11. f4 d6 12. Qd2 h6 13. Nxc6 Qxc6 14. Bxf6 Bxf6 15. Bf3 Qc7 16. Rae1 Bxc3 17. bxc3 Bd7 18. Rd1 Bb5 19. Rfe1 Rfd8 20. Re3 Bc4 21. a3 Rac8 22. Bh5 Qc5 23. Bg4 Qxa3 24. Rg3 d5 25. e5 Qe7 26. f5 exf5 27. Bxf5 Rc6 28. Re1 Qf8 29. h3 Kh8 30. e6 fxe6 31. Bxe6 Qf6 32. Rf3 Qg5 33. Qf2 Kh7 34. Rf8 Rxf8 35. Qxf8 Rxe6 36. Rxe6 a5 37. Re8 d4 38. cxd4 a4 39. Rd8 Bf7 40. Qh8+ Kg6 41. Rd6+ Kh5 42. Qf8 Qc1+ 43. Kh2 Qf4+ 44. Kg1 Qe3+ 1/2-1/2

[Event "Wch U10"]
[Site "Batumi"]
[Date "2016.10.29"]
[Round "10"]
[White "Guo, Arthur"]
[Black "Lutz, Adam"]
[Result "1-0"]
[WhiteElo "2168"]
[BlackElo "1773"]
[PlyCount "71"]
[EventDate "2016.10.19"]
[EventType "swiss"]
[EventRounds "11"]
[EventCountry "GEO"]
[SourceTitle "EXT 2018"]
[Source "ChessBase"]
[SourceDate "2017.10.13"]
[SourceVersion "1"]
[SourceVersionDate "2017.10.13"]
[SourceQuality "1"]

1. e4 c5 2. Nf3 e6 3. d4 cxd4 4. Nxd4 Nf6 5. Nc3 d6 6. g3 a6 7. Bg2 Be7 8. 0-0 0-0 9. Be3 Qc7 10. a4 Bd7 11. a5 Nc6 12. Nxc6 Bxc6 13. Bb6 Qc8 14. Qe2 Nd7 15. Bd4 Bf6 16. Qd2 Rd8 17. Be3 Ne5 18. Qe2 Ng6 19. Ra3 Rd7 20. Rd1 Qe8 21. f4 Rc8 22. Qf2 Qe7 23. h4 Qe8 24. h5 Ne7 25. Rd3 Qf8 26. Qd2 Qe8 27. Bb6 Bxc3 28. Raxc3 d5 29. exd5 Nxd5 30. Bxd5 Bxd5 31. Rxc8 Qxc8 32. h6 g6 33. Bd4 Be4 34. Qe2 Bxd3 35. Qe5 f6 36. Qxe6+ 1-0

[Event "Wch U10"]
[Site "Batumi"]
[Date "2016.10.28"]
[Round "9"]
[White "Lutz, Adam"]
[Black "Temuujin, Kherlen"]
[Result "1-0"]
[WhiteElo "1773"]
[BlackElo "1610"]
[PlyCount "61"]
[EventDate "2016.10.19"]
[EventType "swiss"]
[EventRounds "11"]
[EventCountry "GEO"]
[SourceTitle "EXT 2018"]
[Source "ChessBase"]
[SourceDate "2017.10.13"]
[SourceVersion "1"]
[SourceVersionDate "2017.10.13"]
[SourceQuality "1"]

1. e4 e6 2. d4 d5 3. Nc3 dxe4 4. Nxe4 Nd7 5. Nf3 Ngf6 6. Bd3 c5 7. 0-0 cxd4 8. Nxd4 Nxe4 9. Bxe4 Nc5 10. Bf3 a5 11. Be3 Be7 12. Qe2 0-0 13. Rad1 Qb6 14. c3 a4 15. Rfe1 Kh8 16. Nb5 e5 17. Bd4 f6 18. c4 Be6 19. Be3 Rae8 20. Nc3 Qa6 21. Nd5 Bxd5 22. Bxd5 f5 23. Bxc5 Bxc5 24. Rd3 Re7 25. Rh3 Qg6 26. Rg3 Qb6 27. Rh3 e4 28. b3 a3 29. b4 Qxb4 30. Rxh7+ Kxh7 31. Qh5# 1-0

[Event "Wch U10"]
[Site "Batumi"]
[Date "2016.10.24"]
[Round "6"]
[White "Lutz, Adam"]
[Black "Mendonca, Leon Luke"]
[Result "0-1"]
[WhiteElo "1773"]
[BlackElo "2133"]
[PlyCount "90"]
[EventDate "2016.10.19"]
[EventType "swiss"]
[EventRounds "11"]
[EventCountry "GEO"]
[SourceTitle "CBM 175 Extra"]
[Source "ChessBase"]
[SourceDate "2016.12.12"]
[SourceVersion "1"]
[SourceVersionDate "2016.12.12"]
[SourceQuality "1"]

1. e4 c5 2. Nf3 d6 3. Nc3 Nf6 4. e5 dxe5 5. Nxe5 a6 6. a4 e6 7. g3 Nbd7 8. Nc4 Nb6 9. b3 Bd7 10. Bg2 Qc7 11. 0-0 Bc6 12. f3 Be7 13. d3 Nbd5 14. Ne4 0-0 15. Qe2 b5 16. Ne3 Qd7 17. a5 Bb7 18. Bb2 Rac8 19. Kh1 Rfd8 20. Be5 Nxe3 21. Qxe3 c4 22. dxc4 Bxe4 23. fxe4 Ng4 24. Qf4 Nxe5 25. Qxe5 bxc4 26. Qf4 Bb4 27. e5 Bd2 28. Qf3 cxb3 29. cxb3 Rb8 30. Rad1 Qc7 31. Rf2 Bxa5 32. Rdf1 Rd7 33. Qh5 Bc3 34. Be4 g6 35. Qh6 Qxe5 36. Bxg6 hxg6 37. Rf3 Qg7 38. Qf4 Rbd8 39. Qc1 Bb4 40. Qc4 a5 41. Qe2 Rc7 42. Rf4 Rd5 43. Rh4 Rcd7 44. Qc2 Bf8 45. Rc4 Qe5 0-1

[Event "GER-ch U10"]
[Site "Willingen"]
[Date "2016.05.16"]
[Round "3.4"]
[White "Lutz, Adam"]
[Black "Gluma, Christian"]
[Result "1-0"]
[WhiteElo "1601"]
[BlackElo "1468"]
[PlyCount "68"]
[EventDate "2016.05.15"]
[EventType "swiss"]
[EventRounds "11"]
[EventCountry "GER"]
[SourceTitle "CBM 172 Extra"]
[Source "ChessBase"]
[SourceDate "2016.06.21"]
[SourceVersion "1"]
[SourceVersionDate "2016.06.21"]
[SourceQuality "1"]

1. e4 e5 2. Nf3 Nc6 3. d4 exd4 4. Nxd4 Bc5 5. Nb3 Bb6 6. a4 a6 7. Nc3 Nge7 8. Bf4 0-0 9. Bc4 Ng6 10. Bg3 d6 11. a5 Ba7 12. 0-0 Be6 13. Bd5 Qd7 14. Kh1 f5 15. exf5 Rxf5 16. Bxe6+ Qxe6 17. Re1 Qf7 18. f3 Nge5 19. Bxe5 Nxe5 20. Qd5 Rf8 21. Qxb7 Qh5 22. g4 Nxg4 23. fxg4 Qxg4 24. Qg2 Qxg2+ 25. Kxg2 Rf2+ 26. Kh1 Rxc2 27. Re2 Rxe2 28. Nxe2 Rb8 29. Ra3 c5 30. Nc3 c4 31. Nd2 Rxb2 32. Nxc4 Rc2 33. Rb3 Bd4 34. Nxd6 Rxc3 1-0

[Event "GER-ch U10"]
[Site "Willingen"]
[Date "2016.05.16"]
[Round "4.2"]
[White "Prieb, Robert"]
[Black "Lutz, Adam"]
[Result "1/2-1/2"]
[WhiteElo "1564"]
[BlackElo "1601"]
[PlyCount "64"]
[EventDate "2016.05.15"]
[EventType "swiss"]
[EventRounds "11"]
[EventCountry "GER"]
[SourceTitle "CBM 172 Extra"]
[Source "ChessBase"]
[SourceDate "2016.06.21"]
[SourceVersion "1"]
[SourceVersionDate "2016.06.21"]
[SourceQuality "1"]

1. d4 d5 2. c4 e6 3. Nc3 Nf6 4. Nf3 c6 5. Bf4 Bd6 6. Bxd6 Qxd6 7. e3 Nbd7 8. Be2 0-0 9. 0-0 Re8 10. c5 Qc7 11. b4 b5 12. a4 bxa4 13. Rxa4 e5 14. b5 exd4 15. exd4 Ne4 16. Nxe4 Rxe4 17. Bd3 cxb5 18. Bxb5 Re7 19. Re1 Rxe1+ 20. Qxe1 Nf6 21. Ne5 Bd7 22. Nxd7 Nxd7 23. g3 Nf6 24. Qa5 Qe7 25. c6 g6 26. Ba6 Ne8 27. Bb7 Rd8 28. Ra1 Nc7 29. Re1 Qd6 30. Qc5 Qxc5 31. dxc5 Kf8 32. f4 f5 1/2-1/2